Teoría del tipo penal: tipos abiertos y elementos del deber jurídico

Saved in:
Bibliografiske detaljer
Hovedforfatter: Roxin, Claus (Author)
Format: Bog
Sprog:spansk
Udgivet: Montevideo B de F 2014
Udgivelse:2a. ed
Serier:Maestros del Derecho Penal, 42
Fag:
Tags: Tilføj Tag
Ingen Tags, Vær først til at tagge denne postø!

MARC

LEADER 00000cam a2200000 a 4500
001 UCE2051
003 CL-VaPUC
008 140605e20140000uy |||||||||||||||||spa|d
020 |a 9789974708280 
082 0 4 |a 345  |b ROX  |2 21 
100 0 |a Roxin, Claus  |e author  |9 351 
245 1 0 |a Teoría del tipo penal: tipos abiertos y elementos del deber jurídico 
250 |a 2a. ed 
300 |a 309 p 
942 |c BK 
945 |d 20140605 14:22:00  |a dcastane 
260 |a Montevideo  |b B de F  |c 2014 
650 7 |a TIPICIDAD  |2 CL-VaPUC  |9 258099 
650 0 |a Responsabilidad penal  |9 254899 
650 7 |a DERECHO PENAL  |2 CL-VaPUC  |9 11 
583 |a last modification  |c 20140605 14:22:00  |k Rodrigo Vera 
490 0 |a Maestros del Derecho Penal, 42 
999 |c 355730  |d 355728 
952 |0 0  |1 0  |3 erb  |4 0  |6 345_000000000000000_ROX_2014  |7 0  |8 A  |9 462563  |a BIBDER  |b BIBDER  |i 5082226  |l 2  |m 2  |o 345 ROX 2014  |p 5082226  |r 2024-09-30  |s 2024-09-02  |w 2019-11-23  |y BK  |z Catalogado en:20140605  |k DER